000 00437nam a2200181Ia 4500
001 888
005 20260306140551.0
008 260306t2005||||xx |||||||||||||| ||spa||
041 _aESP
082 _a172
_bH12
100 _aCastillo M., Carlos [dir.]
_eAUT
245 0 _aHabermas y Ratzinger:
_btarde de discusión
260 _c2005
300 _a39 páginas :
_c21 cm.
650 _aGEN
654 _aCHU
942 _cLIB
_dJUS
_fJUS
_2ddc
_n
999 _c888
_d888